2013 AFL Premiership Team - Statistics

General Stats
  • This quiz has been taken 222 times
  • The average score is 18 of 24
Answer Stats
Hint Answer % Correct
Premiership Team Hawthorn
97%
Rover Luke Hodge
94%
Coach Alastair Clarkson
93%
Full Forward Jarryd Roughead
93%
Centre Sam Mitchell
93%
Half Forward Flank Cyril Rioli
91%
Centre Half Forward Lance Franklin
88%
Full Back Brian Lake
85%
Interchange Jack Gunston
84%
Wing Jordan Lewis
80%
Half Forward Flank Luke Bruest
80%
Wing Isaac Smith
76%
Centre Half Back Josh Gibson
76%
Forward Pocket David Hale
75%
Forward Pocket Paul Puopolo
73%
Interchange Bradley Hill
72%
Half Back Flank Grant Birchall
72%
Back Pocket Ben Stratton
68%
Half Back Flank Shaun Burgoyne
65%
Interchange Liam Shiels
62%
Ruck Rover Brad Sewell
55%
Ruck Max Bailey
53%
Interchange (Sub) Jonathan Simpkin
48%
Back Pocket Brent Guerra
47%
No matching quizzes found
Score Distribution
Percent of People with Each Score
Percentile by Number Answered
Your Score History
You have not taken this quiz